000 00564nam a2200169Ia 4500
008 090201s9999 xx 000 0 und d
010 _aKPL-23879
040 _bमराठी
041 _aमराठी
082 _a41344
_b23879
100 _aन्यायरत्न विनोद
245 _aसाधना सुत्रे
_cन्यायरत्न विनोद
260 _c2004
_bशांती पब्लिकेशन्स
300 _a75
_bमोठा
600 _aसाधना सुत्रे
942 _cBOOK
999 _c238551
_d238551